<?xml version="1.0" encoding="UTF-8"?>
<record
    xmlns:xsi="http://www.w3.org/2001/XMLSchema-instance"
    xsi:schemaLocation="http://www.loc.gov/MARC21/slim http://www.loc.gov/standards/marcxml/schema/MARC21slim.xsd"
    xmlns="http://www.loc.gov/MARC21/slim">

  <leader>00586nam a22001937a 4500</leader>
  <datafield tag="999" ind1=" " ind2=" ">
    <subfield code="c">16724</subfield>
    <subfield code="d">16724</subfield>
  </datafield>
  <controlfield tag="003">OSt</controlfield>
  <controlfield tag="005">20180320103657.0</controlfield>
  <controlfield tag="008">180320b        xxu||||| |||| 00| 0 eng d</controlfield>
  <datafield tag="020" ind1=" " ind2=" ">
    <subfield code="a">9788123918631</subfield>
  </datafield>
  <datafield tag="040" ind1=" " ind2=" ">
    <subfield code="c">KABU</subfield>
  </datafield>
  <datafield tag="050" ind1=" " ind2=" ">
    <subfield code="a">QM 32</subfield>
    <subfield code="b">.H86 2010 V.1 C.1</subfield>
  </datafield>
  <datafield tag="100" ind1=" " ind2=" ">
    <subfield code="a">Chaurasia's B. D. </subfield>
  </datafield>
  <datafield tag="245" ind1=" " ind2=" ">
    <subfield code="a">Human Anatomy </subfield>
    <subfield code="b">Regional and applied dissection and clinical</subfield>
    <subfield code="c">B .D. Chsurasia's </subfield>
  </datafield>
  <datafield tag="250" ind1=" " ind2=" ">
    <subfield code="a">5th ed.</subfield>
  </datafield>
  <datafield tag="260" ind1=" " ind2=" ">
    <subfield code="a">New Delhi</subfield>
    <subfield code="b">CBS Publishers and Distributors pvt ltd </subfield>
    <subfield code="c">2010</subfield>
  </datafield>
  <datafield tag="300" ind1=" " ind2=" ">
    <subfield code="a">xv, 296p. </subfield>
  </datafield>
  <datafield tag="650" ind1=" " ind2=" ">
    <subfield code="a">Human Anatomy -examinations, questions etc </subfield>
  </datafield>
  <datafield tag="942" ind1=" " ind2=" ">
    <subfield code="2">lcc</subfield>
    <subfield code="c">BK</subfield>
  </datafield>
  <datafield tag="952" ind1=" " ind2=" ">
    <subfield code="0">0</subfield>
    <subfield code="1">0</subfield>
    <subfield code="2">lcc</subfield>
    <subfield code="7">0</subfield>
    <subfield code="a">KABU</subfield>
    <subfield code="b">KABU</subfield>
    <subfield code="d">2018-03-20</subfield>
    <subfield code="g">1160.00</subfield>
    <subfield code="i">2018/0382</subfield>
    <subfield code="l">39</subfield>
    <subfield code="m">3</subfield>
    <subfield code="o">QM 32 .H86 2010 V.1 C.1</subfield>
    <subfield code="p">024309</subfield>
    <subfield code="r">2026-02-24 09:02:29</subfield>
    <subfield code="s">2026-01-30</subfield>
    <subfield code="t">C. 1</subfield>
    <subfield code="w">2018-03-20</subfield>
    <subfield code="y">BK</subfield>
  </datafield>
  <datafield tag="952" ind1=" " ind2=" ">
    <subfield code="0">0</subfield>
    <subfield code="1">0</subfield>
    <subfield code="2">lcc</subfield>
    <subfield code="7">0</subfield>
    <subfield code="a">KABU</subfield>
    <subfield code="b">KABU</subfield>
    <subfield code="d">2018-03-20</subfield>
    <subfield code="g">1265.00</subfield>
    <subfield code="i">2018/0380</subfield>
    <subfield code="l">38</subfield>
    <subfield code="m">4</subfield>
    <subfield code="o">QM 32 .H86 2010 V.2  C.1</subfield>
    <subfield code="p">024310</subfield>
    <subfield code="q">2026-07-14</subfield>
    <subfield code="r">2026-06-27 16:54:55</subfield>
    <subfield code="s">2026-06-27</subfield>
    <subfield code="t">C. 1</subfield>
    <subfield code="w">2018-03-20</subfield>
    <subfield code="y">BK</subfield>
  </datafield>
  <datafield tag="952" ind1=" " ind2=" ">
    <subfield code="0">0</subfield>
    <subfield code="1">0</subfield>
    <subfield code="2">lcc</subfield>
    <subfield code="7">0</subfield>
    <subfield code="a">KABU</subfield>
    <subfield code="b">KABU</subfield>
    <subfield code="d">2018-03-20</subfield>
    <subfield code="g">1470.00</subfield>
    <subfield code="i">2018/0381</subfield>
    <subfield code="l">49</subfield>
    <subfield code="m">8</subfield>
    <subfield code="o">QM 32 .H86 2010 V.111  C.1</subfield>
    <subfield code="p">024311</subfield>
    <subfield code="r">2025-07-29 11:51:48</subfield>
    <subfield code="s">2025-07-07</subfield>
    <subfield code="t">C. 1</subfield>
    <subfield code="w">2018-03-20</subfield>
    <subfield code="y">BK</subfield>
  </datafield>
</record>
